00732nam a2200217Ia 4500003000400000005001700004008004100021020001800062040000700080041000800087082002100095100002900116245007200145260002800217300001600245365001300261906007400274942001200348999001900360952013500379OSt20230425091114.0210423s2012 xx 000 0 und d a9780415529082 cAL aeng a809.033 NAYP223 aNAYAR (Pramod K).990155 aWriting wrongs: the cultural construction of human rights in India. aLondonbRoutledgec2012 axiv,200bPB b595cINR aconstruction ; cultural ; human ; India. ; rights ; Writing ; wrongs: 2ddccBK c161518d161518 001040708MAENGaSACPGbSACPGd2013-09-17eAthulya Booksg595.00l0o809.033 NAYPpPG008010r2022-08-24 00:00:00w2021-04-26yBK